[Event "Excelsior Cup"]
[Site "Gothenburg"]
[Date "1998.01.08"]
[Round "2"]
[White "Hansen, Sune Berg"]
[Black "Brynell, Stellan"]
[Result "1-0"]
[WhiteElo "2480"]
[BlackElo "2475"]
[Annotator "Hansen,Cu"]
[PlyCount "87"]
[EventDate "1998.01.07"]
[EventType "tourn"]
[EventRounds "9"]
[EventCountry "SWE"]
[EventCategory "9"]
[SourceTitle "CBM 063"]
[Source "ChessBase"]
[SourceDate "1998.03.26"]
[SourceVersion "1"]
[SourceVersionDate "1998.03.26"]
[SourceQuality "1"]

1. e4 e6 2. d4 d5 3. Nd2 Nf6 4. e5 Nfd7 5. Bd3 c5 6. c3 Nc6 7. Ne2 Qb6 8. Nf3
cxd4 9. cxd4 f6 10. exf6 Nxf6 11. O-O Bd6 12. b3 O-O 13. Bf4 Bxf4 {I believe
this is not the most logical move though maybe playable. Why not:} (13... Nxd4
14. Nfxd4 e5 {After which white might get a small advantage but only if he
plays very accurate.}) 14. Nxf4 Ne4 15. Ne2 $14 {[%csl Re5,Re6] Now black has
the usual positional problems in this variation, and unfortunately the
exchange-sacrifice Rxf3 is not as strong as with the Q on d8.} Nd6 $6 {Brynell
has played the French for many years. Still in the following part of the game
he plays very strange. He does not care at all about the control over the
square e5. Normal would be:} (15... Bd7) 16. Qd2 Bd7 17. Rad1 Nf5 $6 18. Bb1 a5
{[%cal Ya5a4] /\a5-a4} 19. Nc3 Nce7 20. Ne5 Be8 21. Rfe1 $16 Rc8 22. Ne2 {
[%csl Re6][%cal Ye2f4]} Nc6 {Why did he play a7-a5, if he does not want to
play a5-a4 when given the chance?} (22... a4 $5 23. b4 a3 $16) 23. Nxc6 Rxc6
24. Nf4 Bd7 25. g3 a4 26. bxa4 Rc4 27. Bxf5 Rxf5 28. a5 Qc6 29. Rc1 {White has
a P more and clearly the strongest minor-piece.} Rf8 30. Nd3 $1 {[%csl Rb7,Re6]
[%cal Yd3c5]} Qd6 31. Nc5 Bc8 32. Qb2 h6 33. Re5 {White could maybe have won
extra material with Rxc4, but the structure is so fantastic good for him that
there is no reason to change it even a little bit.} Rxc1+ 34. Qxc1 b6 35. axb6
Qxb6 36. a4 Qb4 37. Qe3 Rf7 38. h4 Bd7 39. Nxd7 Rxd7 40. Rxe6 Qxa4 41. Re8+ Kh7
42. Qd3+ g6 43. Re6 Rg7 44. h5 1-0

[Event "DEN-ch playoff"]
[Site "Tonder"]
[Date "1993.??.??"]
[Round "2"]
[White "Rasmussen, Karsten"]
[Black "Hansen, Lars Bo"]
[Result "1/2-1/2"]
[WhiteElo "2440"]
[BlackElo "2545"]
[Annotator "Hansen,LB"]
[PlyCount "51"]
[EventDate "1993.05.??"]
[EventType "match"]
[EventRounds "4"]
[EventCountry "DEN"]
[SourceTitle "CBM 036"]
[Source "ChessBase"]
[SourceDate "1993.10.01"]
[SourceVersion "1"]
[SourceVersionDate "1993.10.01"]
[SourceQuality "1"]

1. e4 e6 2. d4 d5 3. Nd2 Nf6 4. e5 Nfd7 5. c3 c5 6. Bd3 Nc6 7. Ne2 cxd4 8. cxd4
f6 9. exf6 Qxf6 $5 (9... Nxf6 10. O-O Bd6 11. Nf3 O-O 12. Bf4 Bxf4 13. Nxf4 Ne4
14. Ne2 Rxf3 $5 15. gxf3 Ng5) 10. Nf3 Bd6 11. Bg5 $1 (11. O-O h6) 11... Qf7 12.
Bh4 e5 (12... O-O $2 13. Bxh7+) (12... h6 13. Qc2 O-O 14. Bg6 $18) 13. dxe5
Ndxe5 14. Nxe5 Bxe5 15. Qc2 g6 16. Qc5 $5 Qf8 17. Qxf8+ (17. Qxd5 $4 Qb4+ 18.
Kf1 Qxh4) 17... Kxf8 (17... Rxf8 $5) 18. O-O-O $1 Kg7 19. f4 $1 Bc7 (19... Bf6
20. Bxf6+ Kxf6 21. h3 $1 $14) 20. Be1 $6 (20. f5 $5 Nb4 $5) 20... Bg4 $1 21.
Bc3+ d4 22. Nxd4 $1 Bxf4+ 23. Kb1 Be5 $1 24. Be2 Bxe2 25. Nxe2 Rhd8 26. Bxe5+
1/2-1/2

[Event "Ptuj zt"]
[Site "Ptuj"]
[Date "1995.??.??"]
[Round "6"]
[White "Sermek, Drazen"]
[Black "Zueger, Beat"]
[Result "1/2-1/2"]
[WhiteElo "2515"]
[BlackElo "2480"]
[Annotator "Hecht,H"]
[PlyCount "197"]
[EventDate "1995.04.??"]
[EventType "tourn"]
[EventRounds "15"]
[EventCountry "SLO"]
[EventCategory "10"]
[SourceTitle "CBM 047"]
[Source "ChessBase"]
[SourceDate "1995.08.01"]
[SourceVersion "1"]
[SourceVersionDate "1995.08.01"]
[SourceQuality "1"]

1. e4 e6 2. d4 d5 3. Nd2 Nf6 4. Bd3 c5 5. e5 Nfd7 6. c3 Nc6 7. Ne2 cxd4 8. cxd4
f6 9. exf6 Nxf6 10. O-O Bd6 11. Nf3 O-O 12. Bf4 Bxf4 13. Nxf4 Ne4 14. Qc1 Ng5
15. Nxg5 Qxg5 16. Bxh7+ Kxh7 17. Nxe6 Qxc1 18. Nxf8+ Kg8 19. Raxc1 Kxf8 20.
Rfe1 Bf5 21. f3 Rd8 22. Rcd1 Rd6 23. g4 Bh7 24. h4 Nb4 25. Re3 Rc6 26. a3 Nc2
27. Re5 Rf6 28. Rh5 Kg8 29. Rxd5 Rxf3 30. Rd8+ Kf7 31. Rf1 Rxf1+ 32. Kxf1 {
R2P<->BN. Bauern auf beiden Flügeln. verlust alller wP.} Ke7 33. Rb8 Be4 34.
Ke2 Bd5 35. Kd3 Ne1+ 36. Kc3 Nf3 37. Rh8 Be6 38. g5 Bd5 39. g6 Kf6 40. h5 Ng5
41. Rf8+ Ke7 42. Rf5 Ne4+ 43. Kd3 Nf6 44. Ke3 Be6 45. Ra5 a6 46. b4 (46. Kf4
Bg4 {xh5}) 46... Bd5 47. b5 axb5 48. Rxb5 Ke6 49. a4 Nxh5 50. a5 Nf6 51. Kf4
Nd7 52. Kg5 Kd6 53. Kf5 Bc6 54. Rb2 Nf8 55. Rb6 Kd5 56. a6 bxa6 57. Rxa6 Bd7+
58. Kf4 Ne6+ 59. Ke3 Be8 60. Ra5+ Kd6 61. Ra6+ Bc6 62. Ra7 Nc7 63. Kf4 Bd7 64.
Ke4 Nb5 65. Ra6+ Bc6+ 66. d5 Nc3+ 67. Kf4 Nxd5+ 68. Kg5 Nc7 69. Ra7 Bd7 70. Ra1
Ne6+ 71. Kf5 Nc5+ 72. Kg5 Ne4+ 73. Kf4 Nf6 74. Ra6+ Bc6 75. Kf5 Nd5 76. Kg5 Ne7
77. Ra2 Be4 78. Ra7 Ke6 79. Ra6+ Nc6 80. Rb6 Kd6 81. Rb7 Ne7 82. Ra7 Bc6 83.
Ra2 Nd5 84. Rf2 Nc7 85. Rf7 Ne6+ 86. Kh5 Ke5 87. Rf1 Be4 88. Rf7 Bd3 89. Rf2
Nf4+ 90. Kg4 Bf5+ 91. Kg3 Nxg6 92. Ra2 {R<->BNP.} Nf4 (92... Nf8 $5) 93. Ra8
Nd5 (93... Ne6 $5 $17) (93... g5 $17) 94. Kh4 Ke6 (94... Nc7 95. Ra5+ Kf6 $17)
95. Kg5 Be4 96. Ra4 Bc2 97. Ra2 Bh7 98. Rh2 Bg8 $2 {Schwerer Fehler, der den P
einstellt.} (98... Be4 $142 99. Re2 Ke5 100. Ra2 Nc7 $17) 99. Kg6 1/2-1/2

[Event "Asker 75th"]
[Site "Asker"]
[Date "1997.11.29"]
[Round "8"]
[White "Rytshagov, Mikhail"]
[Black "Johannessen, Leif Erlend"]
[Result "1-0"]
[WhiteElo "2525"]
[BlackElo "2330"]
[Annotator "Hecht,H"]
[PlyCount "93"]
[EventDate "1997.11.22"]
[EventType "tourn"]
[EventRounds "9"]
[EventCountry "NOR"]
[EventCategory "10"]
[SourceTitle "CBM 062"]
[Source "ChessBase"]
[SourceDate "1998.01.31"]
[SourceVersion "1"]
[SourceVersionDate "1998.01.31"]
[SourceQuality "1"]

1. e4 e6 2. d4 d5 3. Nd2 Nf6 4. e5 Nfd7 5. c3 c5 6. Bd3 Nc6 7. Ngf3 Qb6 8. O-O
g6 9. dxc5 Qc7 10. Nb3 Bg7 11. Nfd4 Qxe5 12. f4 Qf6 13. Be3 O-O 14. Nxc6 bxc6
15. Na5 Nb8 16. Bd4 Qd8 17. Bxg7 Kxg7 18. Qa4 Qc7 19. Rae1 Ba6 20. Bxa6 Nxa6
21. Nxc6 Rfc8 22. Qxa6 Qxc6 23. Qxc6 Rxc6 24. b4 a5 25. a3 axb4 26. axb4 Ra3
27. Rb1 Kf6 28. Rf3 Ke7 29. c4 Rxf3 30. cxd5 exd5 31. gxf3 {[#] leichte
Entscheidung für die verbundenen Freibauern nach Aktivierung des weißen Königs.
Merke: Ohne König sind Endspiele nur schwer zu gewinnen!} Rf6 32. b5 Kd7 33.
Rb4 Kc7 34. Kf2 Kb7 35. Ra4 Re6 36. Rd4 Rf6 37. Ra4 Re6 38. Rd4 Rf6 39. Ke3 Rf5
40. Kd3 g5 41. Kc3 gxf4 42. Ra4 Rf6 43. Kd4 Rh6 44. c6+ Kb8 45. Kc5 Rxh2 46.
Kb6 Rh6 47. Rxf4 1-0

[Event "USA-ch"]
[Site "Seattle"]
[Date "2002.01.09"]
[Round "5"]
[White "Shahade, Jennifer"]
[Black "Strugatsky, Vladimir"]
[Result "1-0"]
[WhiteElo "2302"]
[BlackElo "2431"]
[Annotator "Hecht,H"]
[PlyCount "139"]
[EventDate "2002.01.05"]
[EventType "swiss"]
[EventRounds "9"]
[EventCountry "USA"]
[SourceTitle "CBM 087"]
[Source "ChessBase"]
[SourceDate "2002.03.21"]
[SourceVersion "1"]
[SourceVersionDate "2002.03.21"]
[SourceQuality "1"]

1. e4 e6 2. d4 d5 3. Nd2 Nf6 4. e5 Nfd7 5. c3 c5 6. Bd3 Nc6 7. Ne2 cxd4 8. cxd4
f6 9. exf6 Nxf6 10. Nf3 Bd6 11. O-O Qc7 12. Bg5 O-O 13. Bh4 Nh5 14. Qc2 h6 15.
Bg6 Rxf3 16. Bxh5 Rf8 17. Bg3 Bd7 18. Rad1 Rac8 19. Qd2 Rf6 20. Bh4 g5 21. Bg3
Bxg3 22. hxg3 Be8 23. Bg4 Qg7 24. Nc3 Rd8 25. Rfe1 Bf7 26. Re3 h5 27. Be2 Bg6
28. Bb5 Rdf8 29. Re2 Bf5 30. Qe3 Ne7 31. Bd3 Rh6 32. Bxf5 Rxf5 33. Qd3 h4 34.
g4 Rf4 35. Rde1 Kf7 36. Nb5 Rff6 37. Nd6+ Kg8 38. Ne8 Qf7 39. Nxf6+ Rxf6 40.
Qd2 Rf4 41. Rxe6 Nc6 42. b4 Rxg4 43. Qe2 Rf4 44. b5 Nxd4 45. Re8+ Kg7 46. Qe7
Kg6 47. Qxf7+ Rxf7 48. a4 h3 49. Rg8+ Kf6 50. Rd1 Ne2+ 51. Kf1 Nc3 52. Rd3
hxg2+ 53. Kxg2 Ne2 54. Kf3 Nf4 55. Rd1 Kf5 56. Rg1 Ne6 57. Ke3 b6 58. Kd2 Ke5
59. Re1+ Kf5 60. Re8 Nc5 61. R8e7 Rxe7 62. Rxe7 {[#] Taktik} Nxa4 63. Rxa7 Nc5
64. Ra6 Nd7 65. Ke3 Ke5 66. Ra7 Nc5 67. Re7+ Kd6 68. Rg7 Ne6 69. Rg6 Ke5 $2 (
69... Ke7 $142 70. Kf3 Kd6 71. Kg4 Ke5 72. Rg8 d4 $16) 70. Rxg5+ $1 {mit
Gewinn aufgrund des nach der Bauerngabel entstehenden entfernten g-Freibauern}
1-0

[Event "CUB-ch"]
[Site "Las Tunas"]
[Date "2001.04.09"]
[Round "9"]
[White "Abreu Delgado, Aryam"]
[Black "Nogueiras Santiago, Jesus"]
[Result "1-0"]
[WhiteElo "2480"]
[BlackElo "2557"]
[Annotator "Hecht,H"]
[PlyCount "155"]
[EventDate "2001.04.01"]
[EventType "tourn"]
[EventRounds "16"]
[EventCountry "CUB"]
[EventCategory "9"]
[SourceTitle "CBM 083"]
[Source "ChessBase"]
[SourceDate "2001.07.05"]
[SourceVersion "1"]
[SourceVersionDate "2001.07.05"]
[SourceQuality "1"]

1. e4 e6 2. d4 d5 3. Nd2 Nf6 4. e5 Nfd7 5. Bd3 c5 6. c3 Nc6 7. Ne2 cxd4 8. cxd4
Nb6 9. f4 Bd7 10. O-O h5 11. a3 g6 12. Nf3 Ne7 13. b3 Nf5 14. a4 Rc8 15. Bxf5
exf5 16. Ng5 Be7 17. Ba3 Bxa3 18. Rxa3 Qe7 19. Ra1 Qb4 20. Rb1 Ke7 21. Qd3 Rc6
22. Rfc1 Rhc8 23. Kf2 Be6 24. Nf3 Nd7 25. Ne1 Kd8 26. h4 Nb8 27. Nc2 Qe7 28. g3
Na6 29. Ne3 Nb4 30. Qd2 Rxc1 31. Rxc1 Rxc1 32. Nxc1 a5 33. Nd3 Nc6 34. Nc2 Qc7
35. Qc3 Ne7 36. Qd2 Nc6 37. Ke3 Bd7 38. Nc5 b6 39. Nd3 Bc8 40. b4 axb4 41.
Ncxb4 Na5 42. Qc1 Be6 43. Qxc7+ Kxc7 44. Nb2 Nb3 45. Nd1 Na5 46. Nc3 Nc4+ 47.
Kd3 Kb7 48. Ncxd5 Nb2+ 49. Kc2 Nxa4 50. Nc3 Nxc3 51. Kxc3 Kc7 52. d5 Bd7 53.
Kc4 Kb7 54. Nc2 Kc7 55. Nd4 Bc8 56. Kb5 Kb7 57. Kb4 Kb8 58. Nb5 Bb7 59. e6 Bxd5
60. e7 Bc6 61. Nd6 Kc7 62. e8=Q Bxe8 63. Nxe8+ Kd7 64. Nf6+ Ke6 65. Nh7 f6 66.
Nf8+ Ke7 67. Nxg6+ Kf7 68. Nh8+ Kg7 69. Kb5 Kxh8 70. Kxb6 {[%csl Yd6,Yd7,Yd8,
Yh6,Yh7,Yh8][%cal Yh8g8,Yh7g7,Yh6g6,Yd8c8,Yd7c7,Yd6c6] [#] Thema: zugeordnete
Felder oder (virtuelle) (Fern-)Opposition.} Kh7 (70... Kg8 71. Kc6 $1 Kg7 72.
Kc7 $1 Kg8 73. Kd6 $1 Kh7 74. Kd7 $1 {siehe Partie ab Zug 76}) (70... Kg7 71.
Kc7 $1 Kg6 72. Kd8 $1 Kh6 73. Ke8 $1 Kg6 74. Kf8 $18) 71. Kb5 {Unlogisch!} (71.
Kb7 $1 Kh8 72. Kc6 Kg7 73. Kc7 $1 $18) 71... Kh6 $2 (71... Kg7 72. Kc6 Kg6 73.
Kd7 Kh7 74. Ke7 Kg7 75. Kd6 Kh6 76. Kd5 Kh7 77. Kc6 Kg6 78. Kb7 Kh7 79. Kc8 Kg8
80. Kd8 Kh8 {So sollte Schwarz remis halten}) 72. Kc5 $2 (72. Kb6 $1 Kh7 73.
Kb7 $1 $18 {siehe oben}) 72... Kg6 $2 (72... Kh7 73. Kc6 Kg6 {erst jetzt, denn
dem Feld c6 ist das Feld g6 zugeordnet}) 73. Kc6 $1 $18 Kg7 74. Kc7 Kg8 75. Kd6
Kh7 76. Kd7 $1 Kh6 77. Ke8 Kg7 78. Ke7 1-0

[Event "Hamburg-ch int"]
[Site "Hamburg"]
[Date "1998.06.03"]
[Round "6"]
[White "Breyther, Ruediger"]
[Black "Hochgraefe, Markus"]
[Result "1/2-1/2"]
[WhiteElo "2385"]
[BlackElo "2300"]
[Annotator "Hochgraefe,M"]
[PlyCount "77"]
[EventDate "1998.05.29"]
[EventType "swiss"]
[EventRounds "9"]
[EventCountry "GER"]
[SourceTitle "CBM 064 Extra"]
[Source "ChessBase"]
[SourceDate "1998.07.07"]
[SourceVersion "1"]
[SourceVersionDate "1998.07.07"]
[SourceQuality "1"]

1. e4 e6 2. d4 d5 3. Nd2 Nf6 4. e5 Nfd7 5. c3 c5 6. Bd3 Nc6 7. Ne2 cxd4 8. cxd4
f6 9. exf6 Nxf6 10. Nf3 Bd6 11. O-O O-O 12. Bg5 Bd7 13. a3 Be8 14. Qd2 Bh5 15.
Qe3 Qe8 16. Bf4 Bxf4 17. Qxf4 Ne4 18. Qe3 Bxf3 19. gxf3 Nd6 20. Kh1 Qf7 21. f4
Nf5 22. Qh3 h6 23. Rg1 Kh8 24. Rg5 Ncxd4 25. Nxd4 Nxd4 26. Rag1 Rg8 27. R1g4
Rac8 28. Rg6 Nf5 29. R4g5 Rc7 30. Qh5 Kh7 31. Rxe6 (31. Rxf5 $2 {Hochgraefe,M}
exf5 32. Bxf5 Kh8 33. Rxh6+ gxh6 34. Qxh6+ Qh7 $19) 31... Qxh5 32. Bxf5+ g6 33.
Rxh5 Rc1+ 34. Kg2 gxf5+ 35. Kf3 Rg6 36. Re7+ Rg7 37. Re6 Rg6 38. Re7+ Rg7 39.
Re6 1/2-1/2

[Event "USA-ch"]
[Site "Stillwater"]
[Date "2007.05.16"]
[Round "2"]
[White "Kaidanov, Gregory S"]
[Black "Bradford, Joseph M"]
[Result "1-0"]
[WhiteElo "2595"]
[BlackElo "2424"]
[Annotator "Kaidanov,G"]
[PlyCount "81"]
[EventDate "2007.05.15"]
[EventType "swiss"]
[EventRounds "9"]
[EventCountry "USA"]
[SourceTitle "CBM 118"]
[Source "ChessBase"]
[SourceDate "2007.05.31"]
[SourceVersion "1"]
[SourceVersionDate "2007.05.31"]
[SourceQuality "1"]

1. e4 e6 2. d4 d5 3. Nd2 Nf6 4. e5 Nfd7 5. Bd3 c5 6. c3 Nc6 7. Ngf3 Be7 8. O-O
Qb6 $6 9. dxc5 Nxc5 10. Bc2 (10. Nb3 $1 $14) 10... Qc7 11. Re1 Nd7 12. Qe2 O-O
13. Nb3 $146 (13. Nf1 f6 14. exf6 Nxf6 15. Bg5 Bc5 16. Bh4 Qf4 17. Bg3 Qh6 18.
b4 Bb6 19. b5 Nd8 20. Rab1 Bc5 21. Ne5 Nf7 22. Nxf7 Rxf7 23. Ne3 Bd7 24. Be5
Raf8 25. f3 Nh5 26. Kh1 Nf4 27. Ng4 Qg5 28. Bxf4 Rxf4 29. Ne5 Rh4 30. g3 Qxg3
31. Rg1 Bxg1 32. Rxg1 Bxb5 33. c4 Bxc4 34. Nxc4 Qxf3+ 35. Qxf3 Rxf3 36. Ne5 {
0-1 Jelica,M (2210)-Glek,I (2535)/Recklinghausen 1999/EXT 2000}) 13... f6 14.
exf6 Nxf6 15. Nbd4 Nxd4 (15... e5 $5 16. Nxc6 bxc6 17. Nxe5 Bd6 18. h3 a5 19.
Bd3 Re8 20. Bf4 g6 $13 {Black has some compensation for the pawn because of
unpleasant pin along the e-file.}) 16. Nxd4 e5 $2 (16... Bc5 $5 17. Nxe6 Bxe6
18. Qxe6+ Kh8 19. Be3 Rae8 20. Qh3 Bxe3 21. Rxe3 Qb6 $14) 17. Bf4 $1 $16 (17.
Qxe5 Bd6 18. Qg5 Bxh2+ 19. Kh1 $14) 17... exf4 18. Qxe7 Qxe7 (18... Qb6 {
probably was relatively better.} 19. Bb3 Bg4 20. Qe5 f3 21. gxf3 Rae8 22. Qg5
$16) 19. Rxe7 Rf7 20. Re5 Bd7 21. Bb3 Bc6 22. Rae1 ({My original intention was
} 22. Rf5 Re8 23. Rxf4 {I didn't go into this line,because I didn't like the
fact that my rook is out of play.}) 22... a5 23. a3 h6 24. f3 a4 25. Ba2 Ra6
26. R1e2 Rb6 27. Rf5 Rf8 $1 28. Rfe5 ({I realized that} 28. Rxf4 Re8 {creates
unnecessary problems. Since Black had no counterplay and also expierenced lack
of time, White can come back and keep improving his position.}) 28... Rd8 29.
Kf2 Rd7 30. Bb1 Rd8 31. Re7 Bb5 32. Nxb5 Rxb5 33. Bg6 Kh8 34. Ke1 Rb6 35. h4 {
/\ h5} h5 36. R7e6 Rb5 (36... Rb3 37. R6e5) 37. Bd3 Rc5 38. Re7 b5 39. Rb7 $18
d4 40. Rxb5 Rcc8 41. c4 1-0

[Event "RUS-ch"]
[Site "Elista"]
[Date "1995.??.??"]
[Round "6"]
[White "Dvoirys, Semen I"]
[Black "Dyachkov, Sergej"]
[Result "0-1"]
[WhiteElo "2580"]
[BlackElo "2520"]
[Annotator "King,D"]
[PlyCount "48"]
[EventDate "1995.10.??"]
[EventType "swiss"]
[EventRounds "11"]
[EventCountry "RUS"]
[SourceTitle "CBM 050"]
[Source "ChessBase"]
[SourceDate "1996.02.01"]
[SourceVersion "1"]
[SourceVersionDate "1996.02.01"]
[SourceQuality "1"]

1. e4 e6 2. d4 d5 3. Nd2 a6 4. Ngf3 Nf6 5. Bd3 c5 6. e5 Nfd7 7. c3 Nc6 8. O-O
g5 {A splendid example of what becomes possible when the central pawn
structure is locked. Black's plan is simple: to play ...g4, force the knight
out of the way, and then capture on d4. White must react violently, for there
is no sensible way of defending his pawn chain. 9 Nb3 fails to 9...c4, the
reason Black didn't capture on d4 first.   If Black does manage to win the
pawn on d4, his king ought to be safe as it lies behind the solid pawn chain
f7,e6,d5 - Black's chief asset in the French.} 9. c4 {This is a reasonable
attempt to cause some chaos - at least Black's pawn structure has been spoiled.
} g4 10. cxd5 exd5 11. Ne1 Nxd4 12. Nc2 Nxc2 13. Bxc2 Nb6 {Wisely declining
the e-pawn. Black's king would have been far too exposed.} 14. a4 Be6 15. f4 f5
{Attempting to keep the centre closed, though naturally White exchanges pawns
to keep play fluid.} 16. exf6 Qxf6 17. f5 Bf7 18. Qxg4 Rg8 19. Qe2+ Kd8 20. Nf3
Bd6 21. Qf2 Kc7 {Material is now level, but Black must have the better chances.
After a little 'walk-about', his king is reasonably well protected by the two
central pawns and minor pieces; and it is White's king that is a little
exposed on the open g-file...} 22. Be3 d4 23. Nxd4 cxd4 24. Bxd4 Rxg2+ (24...
Rxg2+ 25. Qxg2 (25. Kxg2 Bd5+ 26. Kh3 Qh6+ 27. Kg4 Rg8+) 25... Qxd4+ 26. Rf2 (
26. Kh1 Bd5) 26... Rg8) 0-1

[Event "Alushta"]
[Site "Alushta"]
[Date "1993.??.??"]
[Round "?"]
[White "Gipslis, Aivars P"]
[Black "Savchenko, Stanislav"]
[Result "1/2-1/2"]
[WhiteElo "2490"]
[BlackElo "2535"]
[Annotator "Knaak,R"]
[PlyCount "113"]
[EventDate "1993.??.??"]
[EventType "tourn"]
[EventRounds "9"]
[EventCountry "UKR"]
[EventCategory "10"]
[SourceTitle "CBM 036"]
[Source "ChessBase"]
[SourceDate "1993.10.01"]
[SourceVersion "1"]
[SourceVersionDate "1993.10.01"]
[SourceQuality "1"]

1. e4 e6 2. d4 d5 3. Nd2 c5 4. Ngf3 Nf6 5. e5 Nfd7 6. c3 Nc6 7. Bd3 Be7 8. O-O
g5 9. b4 $5 cxb4 10. cxb4 Nxb4 (10... Bxb4 $2 11. Nb3 g4 $6 (11... h6) 12. Ng5
h6 13. Nxe6 fxe6 14. Bg6+ Ke7 15. Qxg4 Nb6 16. a3 Bc3 17. Nc5 Nxe5 18. dxe5
Bxe5 19. Bd2 $18 {Rasik,V-Borovikov,V/EU-chJ Sas van Gent/1992/}) 11. Be2 Nf8
12. Nb3 b6 (12... Ng6 13. Be3 Kf8 14. Qd2 h6 15. h4 gxh4 16. Bxh6+ Kg8 17. Be3
$44 {Gipslis,E-Ulibin,M/Moscow Alekhine op/1992/}) 13. Bd2 h6 14. h4 $1 gxh4 (
14... g4 $6 15. Nh2 h5 16. g3 {/\ f3+/-}) 15. Nh2 a5 16. Ng4 h5 17. Nh2 Ng6 18.
Bxh5 Kf8 19. Be2 Kg7 20. Ng4 Bd7 21. a3 Nc6 (21... Na6 {/\ Nc7-e8, f5}) 22. Be3
a4 23. Nd2 Na5 24. f4 Rc8 25. Bd3 Rc3 26. Nb1 Rc7 27. Ra2 Nc4 28. Bc1 f5 29.
exf6+ Bxf6 30. Ne5 (30. Bxg6 Kxg6 31. Ne5+ Nxe5 32. fxe5 Bg5 33. Qg4 Rf8 34.
Rxf8 Rxc1+ 35. Rf1 Rxf1+ 36. Kxf1 Qc8 $13) 30... Ne7 31. Qg4+ Kf8 32. Re2 Nd6
33. Bd2 Ndf5 34. Bb4 Be8 35. Bxf5 Bh5 36. Qh3 Bxe2 37. Re1 Bh5 (37... exf5 38.
Qxf5 Rh6 39. Rxe2 Kg7 (39... Rc1+ 40. Kh2 Kg7 41. Bxe7 Qxe7 42. Qg4+ Kh7 43.
Nd3 $16) 40. Qg4+ Ng6 (40... Kh7 41. Nf7 $16) 41. f5 $16) 38. Bxe6 Kg7 39. Nc3
Rh6 40. Nb5 Rc2 41. f5 Nc6 42. Bd6 Nxd4 (42... Na7 $5) 43. Nxd4 Qxd6 44. Nxc2
Bxe5 45. Qe3 Bf6 46. Nb4 d4 47. Qe4 d3 (47... Qg3 48. Qb7+ Kh8 49. Qc8+ Kh7 50.
Rc1 Be5 51. Qb7+ Bg7 52. Qc8 Rf6 53. Nd5 $13) 48. Nxd3 $10 Qd4+ 49. Kh2 Rh8 50.
Nf4 Be8 51. Nd5 Bc6 52. Qxd4 Bxd4 53. Re4 Bc5 54. Rg4+ Kf8 55. f6 Be8 56. Kh3
Bf7 $1 (56... Bxa3 57. Nc7 $1 Bb2 (57... Bf7 58. Rg7 Bxe6+ 59. Nxe6+ Ke8 60.
f7+ Kd7 61. f8=Q+ $18) 58. Nxe8 Bxf6 (58... Kxe8 59. Rg8+ Rxg8 60. f7+ $18) 59.
Nxf6 Ke7 60. Ba2 Kxf6 61. Rxa4 $18) 57. Nc7 (57. Nc7 Rh6 58. Rxa4 Rxf6 59. Bxf7
Kxf7 (59... Rxf7 60. Ne6+ Ke7 61. Nxc5 bxc5 62. Ra7+ (62. Kxh4 $16) 62... Ke6
63. Rxf7 Kxf7 64. Kg4 Ke6 65. Kf4 Kd5 66. a4 Kc4 67. Ke4 Kb4 68. Kd5 $10) 60.
Kxh4 $14) 1/2-1/2

[Event "New York MCC"]
[Site "New York"]
[Date "1994.??.??"]
[Round "2"]
[White "Gurevich, Ilya"]
[Black "Klovsky, Rafail"]
[Result "1-0"]
[WhiteElo "2585"]
[BlackElo "2375"]
[Annotator "Knaak,R"]
[PlyCount "75"]
[EventDate "1994.02.??"]
[EventType "tourn"]
[EventRounds "11"]
[EventCountry "USA"]
[EventCategory "9"]
[SourceTitle "CBM 043"]
[Source "ChessBase"]
[SourceDate "1994.12.01"]
[SourceVersion "1"]
[SourceVersionDate "1994.12.01"]
[SourceQuality "1"]

1. e4 {Hecht} e6 2. d4 d5 3. Nd2 Nf6 4. e5 Nfd7 5. c3 c5 6. Ndf3 Nc6 7. Bd3
cxd4 8. cxd4 f6 9. exf6 Nxf6 10. Ne2 Qc7 11. O-O Bd6 12. Nc3 a6 13. Bg5 O-O 14.
Bh4 Nh5 15. Rc1 g6 16. Na4 Qg7 (16... b5 $5 17. Nc5 Nxd4 18. Nxd4 Bxc5 19. Qc2
$1 Qf4 $1 20. Nf3 $1 Bb6 (20... Bb4 $5 21. a3 Ba5 22. Be7 Bb7 $1 (22... Re8 23.
Qc6 Bd7 24. Qxd7 Qf7 25. Ne5 Rxe7 (25... Qxe7 26. Qxe7 Rxe7 27. Nc6 Bd8 28.
Nxe7+ Bxe7 $16) 26. Rc8+ Rxc8 27. Qxc8+ Qf8 28. Nc6 Re8 29. Qxa6 $16) (22...
Rf7 $2 23. Qc6 Qb8 24. Qe8+ Kg7 25. Ng5 $18) 23. Bxf8 Rxf8 $13) 21. Qc6 Qb8 22.
Be7 $18 {Matulovic}) (16... Bd7 17. Nc5 Rae8 $14) 17. Nb6 $1 (17. Bb1 $2 Rxf3
$44) 17... Rb8 18. Bxa6 $1 Nxd4 19. Nxd4 $1 bxa6 20. Nxc8 Rbxc8 21. Rxc8 Rxc8
22. Re1 (22. Nxe6 $2 Qe5) 22... Bb4 $5 (22... e5 $2 23. Nb5 $1) (22... Nf4 $5
23. Bg5 (23. Bg3 $2 Qxd4 $1 24. Qxd4 Ne2+ 25. Kf1 Nxd4 26. Bxd6 Rc2 $15) 23...
Qd7 {/\} 24. Bxf4 Bxf4 25. Nxe6 Rc1 26. Qe2 Qb5 27. Kf1 Qxe2+ 28. Kxe2 Rc2+ $13
) (22... Rc4 $2 23. Nxe6 Qxb2 24. Qxd5 $18) 23. Qg4 $1 (23. Rxe6 $4 Qxd4 24.
Qxd4 Rc1+ $19) 23... Qf7 $6 (23... Nf4 24. Rd1 (24. Nxe6 $2 Qd7 25. Rd1 Bd6 $1
$17) 24... Rf8 (24... Bd6 25. g3 h5 26. Qf3 Nh3+ 27. Kg2 g5 28. Nxe6 $18) 25.
Bg5 $1 Bd6 26. g3 $18) (23... Qe5 $5 24. Rd1 $1 Bd2 $5 (24... Ng7 25. Bg3 $1 (
25. Nxe6 $2 Rc4 26. Nd4 Nf5 $19) 25... Qe4 (25... Qf6 26. Nxe6 Rc4 27. Nf4 Qxb2
28. Qf3 Rd4 29. Nxd5 $1 $16) 26. Qxe4 dxe4 27. Be5 Nf5 28. Nxe6 Re8 29. Rd8 $16
) 25. Qxe6+ Qxe6 26. Nxe6 Rc2 $13) 24. Rd1 Ng7 25. Nxe6 Rc4 26. Nd4 $1 Nf5 27.
b3 $1 (27. Nxf5 Qxf5 28. Qxf5 gxf5 29. Bg5 Kf7 $16) 27... Rxd4 (27... h5 28.
Nxf5 Rxg4 29. Nh6+ Kg7 30. Nxf7 Kxf7 (30... Rxh4 31. Ng5) 31. Bg3 $18 {צg4})
28. Rxd4 Nxd4 29. Qxd4 Bf8 30. Bf6 Qe6 31. Qe5 Qc6 32. g3 Kf7 33. Bh8 h5 34.
Qf4+ Kg8 35. Bd4 Qe6 36. Bc3 Bg7 $2 (36... Bd6 {Hecht} 37. Qd4 $16 (37. Qf6 $5
Qxf6 38. Bxf6 Bc5 39. Kf1 Kf7 40. Bg5 Ke6 41. f3 Kf5 42. Bd2 {Gewinn?} (42. h4
$5 {Gewinn?}))) 37. Qb8+ Kh7 38. Qb7 1-0